| 000 | nam a22 a 4500 | ||
|---|---|---|---|
| 999 |
_c509 _d509 |
||
| 005 | 20170504101229.0 | ||
| 008 | 170504b1977 enk||||| |||| 00| 0 eng d | ||
| 020 | _a0140224068 | ||
| 040 | _aAKMAL | ||
| 082 | _a153.42 BON | ||
| 090 |
_a153.42 _bBON |
||
| 100 | 1 |
_aDe Bono, Edward, _d1933- _91066 |
|
| 245 | 1 | 0 |
_a Wordpower : _cEdward De Bono |
| 250 | _a1st Harper colophon books ed. | ||
| 260 |
_aNew York : _bHarper & Row, _c[1977] |
||
| 300 |
_a270 p. : _bill. ; _c21cm |
||
| 490 | 0 | _aHarper colophon books | |
| 500 | _aIncludes index | ||
| 650 | 0 |
_aEncyclopedias and dictionaries _91149 |
|
| 942 |
_2ddc _cBOOK |
||